|
|
|
|
| LEADER |
01343nam a2200313 a 4500 |
| 001 |
c000377811 |
| 003 |
CARM |
| 005 |
19991001000000.0 |
| 008 |
780406s1978 mdua b 101 0 eng |
| 010 |
|
|
|a 78007390
|
| 019 |
1 |
|
|a 1173735
|z 23882344
|5 LACONCORD2021
|
| 020 |
|
|
|a 0839112815 :
|c $14.50
|
| 035 |
|
|
|a (OCoLC)3842927
|5 LACONCORD2021
|
| 040 |
|
|
|a LC
|b eng
|c LC
|d SUSA
|
| 050 |
0 |
0 |
|a LB1049.95
|b .D44 1975
|
| 082 |
0 |
0 |
|a 428/.4
|
| 082 |
0 |
4 |
|a 428/.4
|
| 111 |
2 |
|
|a Delaware Symposium on Curriculum, Learning, and Instruction,
|b 2d,
|c Newark, Del.,
|d 1975.
|
| 245 |
1 |
4 |
|a The acquisition of reading :
|b cognitive, linguistic, and perceptual prerequisites /
|c edited by Frank B. Murray and John J. Pikulski.
|
| 260 |
|
|
|a Baltimore :
|b University Park Press,
|c c1978.
|
| 300 |
|
|
|a xi, 178 p. :
|b ill. ;
|c 24 cm.
|
| 500 |
|
|
|a Updated revisions of papers presented at the Second Delaware Symposium on Curriculum, Learning, and Instruction, Newark, Del., 1975.
|
| 504 |
|
|
|a Includes bibliographies and index.
|
| 650 |
|
0 |
|a Reading
|x Congresses.
|
| 700 |
1 |
|
|a Murray, Frank B.,.
|
| 700 |
1 |
|
|a Pikulski, John J.
|
| 852 |
8 |
|
|b CARM
|h A1:AP34G0
|i B08008
|p 0355978
|f BK
|
| 999 |
f |
f |
|i 8236c3d9-2769-5d32-931c-864c2d18e696
|s dc2c941b-8750-5421-9c54-43e1a6ed0c60
|
| 952 |
f |
f |
|p Can circulate
|a CAVAL
|b CAVAL
|c CAVAL
|d CARM 1 Store
|e B08008
|f A1:AP34G0
|h Other scheme
|i book
|m 0355978
|